Kĩ thuật điện 1 Giáo trình dùng cho sinh viên các trường cao đẳng sư phạm
Đã lưu trong:
| Príomhúdar: | |
|---|---|
| Formáid: | Leabhar |
| Teanga: | Undetermined |
| Foilsithe: |
H.
Giáo dục
1999
|
| Ábhair: | |
| Rochtain Ar Líne: | http://lrc.tdmu.edu.vn/opac/search/detail.asp?aID=2&ID=6347 |
| Clibeanna: |
Cuir Clib Leis
Gan Chlibeanna, Bí ar an gcéad duine leis an taifead seo a chlibeáil!
|
| Thư viện lưu trữ: | Trung tâm Học liệu Trường Đại học Thủ Dầu Một |
|---|
| LEADER | 00704nam a2200205Ia 4500 | ||
|---|---|---|---|
| 001 | TDMU_6347 | ||
| 008 | 210410s9999 xx 000 0 und d | ||
| 082 | |a 621.3 | ||
| 090 | |b NG527 | ||
| 100 | |a Nguyễn, Lân Tráng | ||
| 245 | 0 | |a Kĩ thuật điện 1 | |
| 245 | 0 | |b Giáo trình dùng cho sinh viên các trường cao đẳng sư phạm | |
| 245 | 0 | |c Nguyễn Lân Tráng | |
| 260 | |a H. | ||
| 260 | |b Giáo dục | ||
| 260 | |c 1999 | ||
| 300 | |a 128tr | ||
| 650 | |a Sách đại học; Vật lí; Kĩ thuật điện | ||
| 856 | |u http://lrc.tdmu.edu.vn/opac/search/detail.asp?aID=2&ID=6347 | ||
| 980 | |a Trung tâm Học liệu Trường Đại học Thủ Dầu Một | ||